00472 2200169 4500001002100000005001500021007000300036008004100039020001800080035002000098082001100118084001700129100002400146245005000170260003800220300004400258INLIS00000000000037820240319090535ta240319 g 0 ind  a979-489-305-6 a0010-0324000013 a388.17 a388.17 HER m0 aHeri Purwanto Imdad1 aMenyimpan Bahan Pangan /cHeri Purwanto Imdad aJakarta :bPenebar Swadaya,c1995 avii, 148 hlm, :bilus, ;c15 cm x 21 cm